Malcolm en 10 courtes vidéos #3 - Statistiques

Statistiques générales
  • Ce quiz a été pris 68 fois
  • Le résultat moyen est 6 sur 10
Statistiques - réponses
Vidéo Question Réponse % Correct
Question éliminatoire (deux erreurs tolérées sinon le quiz s'arrête) : Qui sert la nourriture à Dewey dans cet extrait : Hal, Loïs, Francis, Reese, Malcolm, Craig, Piama, Ida ou Otto ? Hal
93%
Dans quel type de lieu en 2 mots la famille se dirige t-elle dans cet épisode ? Parc aquatique (Water Park)
78%
La famille rentre de soirée dans cet extrait. Quel type de spectacle en deux mots ont ils été voir ? Comédie musicale (Mamma Mia)
76%
Qu'est ce que refuse de réparer Francis dans cet épisode avant de tenir tête à sa mère, se réfugier chez Richie puis la supplier ici de revenir ? toit
76%
Dans l'épisode où Reese a le béguin pour une fille nommée Wendy, quelle activité scolaire va t-il pratiquer pour la séduire ? Cheerleading (Cheerleader / pom-pom girl-boy)
73%
Complète les 2 mots manquants de la réplique de Malcolm dans cet extrait : "D'accord Maman. Tu veux voir un strike ?.Regardez bien. Je suis champion du monde de bowling. Les quilles c'est toute ... ......... . Le bowling c'est toute ma vie et plus encore !" mon existence
49%
Quel est le nom de l'épisode en un mot commençant par E (aussi bien en VO que VF) d'où est tiré cet extrait ? Emancipation
40%
Dans cet épisode, quel est le surnom en deux mots que Francis ne supporte pas qu'on lui donne ? Mouton frisé
33%
Dans l'épisode où Malcolm impressionne tout le monde (et sa famille qui pour la 1ere fois se rend compte qu'il est un génie), de quel pays ses camarades lui demandent de donner la capitale ? Islande (Reykjavik)
24%
En 5 lettres, comment tout le monde appelle Malcolm dans cet extrait quand il se fait humilier après avoir rater les quilles de près (orthographe large acceptée selon l'audio) ? Conny
22%
Aucun quiz correspondant
Distribution des résultats
% des personnes avec chaque résultat
Percentile par nombre de réponses
Votre historique - résultats
Vous n’avez pas pris ce quiz